'Stan Country Spelling Bee Quiz Stats

 Plays Quiz Updated Aug 13, 2014

Support Sporcle.
Go Orange.
Score 0/7 Timer 01:00
14 Plays Today
% Correct
???
63.7%
???
63.6%
???
59.4%
???
58.2%
???
51.5%
???
50.2%
???
49.3%

You're not logged in!

Compare scores with friends on all Sporcle quizzes.
OR
Log In

From the Vault

Old World vs. New World

by citkeane

So which did Twinkies come from, the old world or the new?
Remove Ads.
Support Sporcle.
Get the best of Sporcle when you Go Orange. This ad-free experience offers more features, more stats, and more fun while also helping to support Sporcle. Thank you for becoming a member.

Show Comments

Extras

Top Quizzes Today


Score Distribution

Your Account Isn't Verified!

In order to create a playlist on Sporcle, you need to verify the email address you used during registration. Go to your Sporcle Settings to finish the process.

Report this User

Report this user for behavior that violates our Community Guidelines.

Details: